The East India Company and the British Empire in the Far East (Record no. 6625)

MARC details
000 -CABECERA
campo de control de longitud fija 00694nam a2200229 a 4500
001 - NÚMERO DE CONTROL
campo de control BRCA_6943
005 - FECHA Y HORA DE LA ÚLTIMA TRANSACCIÓN
campo de control 20190320205642.0
008 - DATOS DE LONGITUD FIJA--INFORMACIÓN GENERAL
campo de control de longitud fija 171111s1945----u--abc####---#000-0#eng-#
041 ## - CÓDIGO DE LENGUA
Código de lengua del texto/banda sonora o título independiente eng
044 ## - CÓDIGO DEL PAÍS DE LA ENTIDAD EDITORA/PRODUCTORA
Código MARC del país u
050 #4 - SIGNATURA TOPOGRÁFICA DE LA BIBLIOTECA DEL CONGRESO
Número de clasificación DS465
Número de documento/Ítem .W55 1945
100 1# - ENTRADA PRINCIPAL--NOMBRE DE PERSONA
Nombre de persona Wilbur, Marguerite Eyer
9 (RLIN) 17298
245 10 - MENCIÓN DE TÍTULO
Título The East India Company and the British Empire in the Far East
Mención de responsabilidad, etc. by Marguerite Eyer Wilbur
260 ## - PUBLICACIÓN, DISTRIBUCIÓN, ETC.
Lugar de publicación, distribución, etc. Nueva York
Nombre del editor, distribuidor, etc. Richard R. Smith
Fecha de publicación, distribución, etc. 1945
300 ## - DESCRIPCIÓN FÍSICA
Extensión xiii, 477 p.
Otras características físicas il., mapas
Dimensiones 24 cm.
500 ## - NOTA GENERAL
Nota general O173
650 14 - PUNTO DE ACCESO ADICIONAL DE MATERIA--TÉRMINO DE MATERIA
Término de materia o nombre geográfico como elemento de entrada East India Company (Inglesa)
9 (RLIN) 17299
650 14 - PUNTO DE ACCESO ADICIONAL DE MATERIA--TÉRMINO DE MATERIA
Término de materia o nombre geográfico como elemento de entrada Británicos en la India
9 (RLIN) 17300
651 #4 - PUNTO DE ACCESO ADICIONAL DE MATERIA--NOMBRE GEOGRÁFICO
Nombre geográfico India
Subdivisión general Política y gobierno
9 (RLIN) 17301
902 ## - CATALOGADOR
Iniciales GFM
942 ## - ELEMENTOS DE PUNTO DE ACCESO ADICIONAL (KOHA)
Fuente del sistema de clasificación o colocación Library of Congress Classification
Tipo de ítem Koha Libros
Holdings
Estado de retiro Estado de pérdida Estado dañado No para préstamo Localización permanente Ubicación/localización actual Fecha de adquisición Número de inventario Total de préstamos Signatura topográfica completa Código de barras Fecha visto por última vez Precio válido a partir de Tipo de ítem Koha
El ejemplar forma parte de la colección y puede ser consultado según las políticas vigentes.       Biblioteca del Museo Franz Mayer (Rogerio Casas-Alatriste) Biblioteca del Museo Franz Mayer (Rogerio Casas-Alatriste) 17/11/2011 O173   DS465 .W55 1945 (O173) 7390 22/03/2019 22/03/2019 Libros